[Event "Landesliga Nord 1920"]
[Site "Bayern"]
[Date "2019.12.08"]
[Round "4.4"]
[White "Murmann, Andreas"]
[Black "Linsenmeyer, Mario"]
[Result "1-0"]
[WhiteElo "1968"]
[BlackElo "2177"]
[PlyCount "77"]
[EventDate "2019.09.29"]
[EventType "team-tourn"]
[EventRounds "9"]
[EventCountry "GER"]
[SourceTitle "EXT 2021"]
[Source "ChessBase"]
[SourceDate "2020.10.23"]
[SourceVersion "1"]
[SourceVersionDate "2020.10.23"]
[SourceQuality "1"]
[WhiteTeam "Kronach"]
[BlackTeam "Herzogenaurach"]
[WhiteTeamCountry "GER"]
[BlackTeamCountry "GER"]

1. d4 Nf6 2. c4 e5 3. dxe5 Ng4 4. Nf3 Bc5 5. e3 Nc6 6. Nc3 Ngxe5 7. Nxe5 Nxe5 8. f4 Ng6 9. Bd3 0-0 10. Bd2 d6 11. h4 Re8 12. Qf3 c6 13. 0-0-0 b5 14. cxb5 Rb8 15. Ne4 Be6 16. Kb1 Bd5 17. h5 Nf8 18. Bc3 Bxe4 19. Bxe4 d5 20. Qg4 f6 21. h6 g6 22. Bd3 Rxe3 23. bxc6 Qb6 24. c7 Qxc7 25. Bxf6 Qb6 26. Qg5 Ne6 27. Qxd5 Kf7 28. Bc3 Rd8 29. Qc4 Bd4 30. f5 gxf5 31. Rh5 Bxc3 32. Qxc3 Rexd3 33. Rxf5+ Ke8 34. Qh8+ Kd7 35. Rxd3+ Kc6 36. Rxd8 Qg1+ 37. Kc2 Qxg2+ 38. Kb3 Qh3+ 39. Qc3+ 1-0

[Event "Regionalliga Nord-West 1718"]
[Site "Bayern"]
[Date "2017.12.10"]
[Round "4.5"]
[White "Murmann, Andreas"]
[Black "Assmann, Norbert"]
[Result "1/2-1/2"]
[WhiteElo "1960"]
[BlackElo "1945"]
[PlyCount "51"]
[EventDate "2017.10.22"]
[EventType "team-tourn"]
[EventRounds "9"]
[EventCountry "GER"]
[SourceTitle "EXT 2022"]
[Source "ChessBase"]
[SourceDate "2021.10.06"]
[SourceVersion "1"]
[SourceVersionDate "2021.10.06"]
[SourceQuality "1"]
[WhiteTeam "Kronach"]
[BlackTeam "Sailauf"]
[WhiteTeamCountry "GER"]
[BlackTeamCountry "GER"]

1. d4 Nf6 2. c4 g6 3. Nc3 Bg7 4. e4 d6 5. f3 c6 6. Be3 a6 7. Qd2 b5 8. Bd3 Nbd7 9. Nge2 Nb6 10. cxb5 axb5 11. 0-0 0-0 12. b3 Be6 13. Rac1 Qb8 14. Bb1 Bd7 15. h3 Rc8 16. f4 c5 17. f5 c4 18. e5 Nfd5 19. fxg6 fxg6 20. Bh6 dxe5 21. Bxg7 Kxg7 22. Qg5 Qd6 23. Ne4 Qc6 24. Qxe5+ Kg8 25. Ng5 Rf8 26. Ng3 1/2-1/2

[Event "Regionalliga NW 1617"]
[Site "Bayern"]
[Date "2017.03.19"]
[Round "7.4"]
[White "Murmann, Andreas"]
[Black "Roth, Jakob"]
[Result "0-1"]
[WhiteElo "1980"]
[BlackElo "1834"]
[PlyCount "96"]
[EventDate "2016.10.16"]
[EventType "team-tourn"]
[EventRounds "9"]
[EventCountry "GER"]
[SourceTitle "EXT 2019"]
[Source "ChessBase"]
[SourceDate "2018.10.10"]
[SourceVersion "1"]
[SourceVersionDate "2018.10.10"]
[SourceQuality "1"]
[WhiteTeam "Kronach"]
[BlackTeam "Stetten"]
[WhiteTeamCountry "GER"]
[BlackTeamCountry "GER"]

1. d4 d5 2. c4 c6 3. cxd5 cxd5 4. Nc3 Nf6 5. Bf4 Nc6 6. e3 Bf5 7. Bd3 Bxd3 8. Qxd3 e6 9. Nge2 a6 10. 0-0 b5 11. Rac1 Rc8 12. f3 Nh5 13. g4 Nxf4 14. Nxf4 Bd6 15. a3 Qh4 16. Qd2 0-0 17. Rf2 Na5 18. Rcf1 Nc4 19. Qd3 Qh6 20. Nce2 Nxb2 21. Qb3 Nc4 22. Ra1 Qf6 23. Qd3 Qe7 24. e4 dxe4 25. fxe4 Bxa3 26. e5 a5 27. Nh5 Rfd8 28. Qe4 Bb4 29. Neg3 Qg5 30. Qf3 Rc7 31. Re2 Nd2 32. Qg2 Bc3 33. Rd1 Bxd4+ 34. Kh1 Nb3 35. Ne4 Rc1 36. Ree1 Rxd1 37. Rxd1 Qxe5 38. Qf3 Nc5 39. Nhg3 Nxe4 40. Nxe4 Qd5 41. g5 Kf8 42. h4 b4 43. h5 a4 44. Kg2 a3 45. g6 hxg6 46. hxg6 f5 47. Ng5 Qxf3+ 48. Nxf3 Bf6 0-1

[Event "Regionalliga NW 1516"]
[Site "Bayern"]
[Date "2016.01.31"]
[Round "6.6"]
[White "Wuest, Michael"]
[Black "Murmann, Andreas"]
[Result "1/2-1/2"]
[WhiteElo "1879"]
[BlackElo "1980"]
[PlyCount "83"]
[EventDate "2015.10.11"]
[EventType "team-tourn"]
[EventRounds "9"]
[EventCountry "GER"]
[SourceTitle "EXT 2018"]
[Source "ChessBase"]
[SourceDate "2017.10.13"]
[SourceVersion "1"]
[SourceVersionDate "2017.10.13"]
[SourceQuality "1"]
[WhiteTeam "Hof PTSV"]
[BlackTeam "Kronach"]
[WhiteTeamCountry "GER"]
[BlackTeamCountry "GER"]

1. d4 d5 2. Bf4 Nf6 3. e3 e6 4. Nf3 Nbd7 5. h3 c5 6. c3 Be7 7. Bd3 c4 8. Bc2 b5 9. Nbd2 Bb7 10. 0-0 a5 11. Qe2 0-0 12. Ne5 Ne4 13. f3 Nxd2 14. Qxd2 Nxe5 15. Bxe5 f6 16. Bh2 Qb6 17. Qf2 b4 18. Rae1 b3 19. axb3 cxb3 20. Bd3 Ba6 21. Bxa6 Rxa6 22. e4 Rf7 23. Qe2 a4 24. exd5 exd5 25. Qd3 Qc6 26. Bf4 a3 27. bxa3 Rxa3 28. Rb1 Qc4 29. Qe3 Ra2 30. Rfe1 Bf8 31. Qe6 Ra6 32. Qe2 Re7 33. Qd2 Ra2 34. Qd1 Qxc3 35. Rxe7 Bxe7 36. Qxb3 Qxd4+ 37. Be3 Qc4 38. Qb8+ Kf7 39. Rb7 Qe2 40. Rxe7+ Kxe7 41. Qc7+ Ke6 42. Qc8+ 1/2-1/2

[Event "Regionalliga NW 1314"]
[Site "Bayern"]
[Date "2014.02.23"]
[Round "7.7"]
[White "Kuespert, Helmut"]
[Black "Murmann, Andreas"]
[Result "0-1"]
[WhiteElo "1850"]
[BlackElo "1967"]
[PlyCount "96"]
[EventDate "2013.10.13"]
[EventType "team-tourn"]
[EventRounds "9"]
[EventCountry "GER"]
[SourceTitle "EXT 2015"]
[Source "ChessBase"]
[SourceDate "2014.11.20"]
[SourceVersion "1"]
[SourceVersionDate "2014.11.20"]
[SourceQuality "1"]
[WhiteTeam "Marktleuthen"]
[BlackTeam "Kronach"]
[WhiteTeamCountry "GER"]
[BlackTeamCountry "GER"]

1. e4 e6 2. Nf3 d5 3. e5 c5 4. b4 cxb4 5. d4 Nc6 6. a3 Bd7 7. axb4 Bxb4+ 8. c3 Be7 9. Bd3 a6 10. 0-0 b5 11. Be3 h5 12. Nfd2 g6 13. f4 Nh6 14. Nf3 Nf5 15. Bf2 Na5 16. g3 Nc4 17. Qe2 Kf8 18. h3 Kg7 19. Kg2 a5 20. Rg1 Bc6 21. g4 hxg4 22. hxg4 Nh4+ 23. Bxh4 Bxh4 24. Rh1 Be7 25. Rxh8 Qxh8 26. Qf2 Qh7 27. Qg3 b4 28. cxb4 Bxb4 29. Ng5 Qh6 30. Qh3 Qxh3+ 31. Kxh3 a4 32. Bxc4 dxc4 33. Na3 Bxa3 34. Rxa3 Rb8 35. Ra1 Rb3+ 36. Kh4 c3 37. f5 gxf5 38. gxf5 exf5 39. Rg1 Kf8 40. Nh7+ Ke7 41. Nf6 Ke6 42. Kg5 c2 43. Rc1 Rc3 44. Nh5 Kd5 45. Nf4+ Kxd4 46. e6 fxe6 47. Nxe6+ Ke3 48. Kxf5 Bd7 0-1

[Event "Regionalliga NW 0506"]
[Site "Bayern"]
[Date "2006.01.15"]
[Round "5.5"]
[White "Murmann, Andreas"]
[Black "Kraich, Klaus"]
[Result "1/2-1/2"]
[WhiteElo "1981"]
[BlackElo "2084"]
[PlyCount "35"]
[EventDate "2005.10.23"]
[EventType "team-tourn"]
[EventRounds "9"]
[EventCountry "GER"]
[SourceTitle "EXT 2007"]
[Source "ChessBase"]
[SourceDate "2006.11.23"]
[SourceVersion "1"]
[SourceVersionDate "2006.11.23"]
[SourceQuality "1"]

1. d4 e6 2. c4 f5 3. Nc3 Nf6 4. g3 d5 5. Bg2 c6 6. b3 Bd6 7. Nh3 0-0 8. 0-0 a5 9. Bb2 Na6 10. f3 c5 11. e3 dxc4 12. bxc4 Bd7 13. Kh1 Qe7 14. Rc1 Rac8 15. Qe2 Bb8 16. a3 Rfd8 17. Rfd1 Be8 18. d5 1/2-1/2

[Event "Regionalliga NW 0506"]
[Site "Bayern"]
[Date "2005.12.11"]
[Round "4.5"]
[White "Nuernberger, Stefan"]
[Black "Murmann, Andreas"]
[Result "1-0"]
[WhiteElo "1970"]
[BlackElo "1981"]
[PlyCount "48"]
[EventDate "2005.10.23"]
[EventType "team-tourn"]
[EventRounds "9"]
[EventCountry "GER"]
[SourceTitle "EXT 2007"]
[Source "ChessBase"]
[SourceDate "2006.11.23"]
[SourceVersion "1"]
[SourceVersionDate "2006.11.23"]
[SourceQuality "1"]

1. d4 Nf6 2. Nf3 d5 3. e3 e6 4. Bd3 c5 5. c3 c4 6. Bc2 Nbd7 7. Nbd2 Bd6 8. 0-0 0-0 9. Re1 e5 10. e4 dxe4 11. Nxe4 Nxe4 12. Bxe4 h6 13. Be3 Nf6 14. dxe5 Nxe4 15. exd6 Nf6 16. Qd4 Be6 17. Rad1 b5 18. Ne5 Bd5 19. Ng4 Nxg4 20. Qxd5 a6 21. d7 Qh4 22. h3 Nxe3 23. Rxe3 Rad8 24. Rde1 Qf6 1-0

[Event "Regionalliga NW 0506"]
[Site "Bayern"]
[Date "2005.11.13"]
[Round "2.5"]
[White "Seeger, Werner"]
[Black "Murmann, Andreas"]
[Result "1/2-1/2"]
[WhiteElo "2071"]
[BlackElo "1981"]
[PlyCount "20"]
[EventDate "2005.10.23"]
[EventType "team-tourn"]
[EventRounds "9"]
[EventCountry "GER"]
[SourceTitle "EXT 2007"]
[Source "ChessBase"]
[SourceDate "2006.11.23"]
[SourceVersion "1"]
[SourceVersionDate "2006.11.23"]
[SourceQuality "1"]

1. d4 Nf6 2. Nf3 e6 3. e3 d5 4. Bd3 Bd6 5. b3 Nbd7 6. Bb2 c5 7. Nbd2 a6 8. 0-0 b5 9. c4 bxc4 10. bxc4 0-0 1/2-1/2

[Event "Regionalliga NW 0405"]
[Site "Bayern"]
[Date "2005.03.13"]
[Round "8.7"]
[White "Murmann, Andreas"]
[Black "Elbert, Gebhard"]
[Result "1/2-1/2"]
[WhiteElo "2004"]
[BlackElo "1884"]
[PlyCount "80"]
[EventDate "2004.10.24"]
[EventType "team-tourn"]
[EventRounds "9"]
[EventCountry "GER"]
[SourceTitle "EXT 2007"]
[Source "ChessBase"]
[SourceDate "2006.11.23"]
[SourceVersion "1"]
[SourceVersionDate "2006.11.23"]
[SourceQuality "1"]
[WhiteTeam "Kronach"]
[BlackTeam "Sailauf"]
[WhiteTeamCountry "GER"]
[BlackTeamCountry "GER"]

1. d4 d5 2. c4 c6 3. Nf3 e6 4. cxd5 exd5 5. Nc3 Nf6 6. Bg5 Be7 7. e3 0-0 8. h3 Ne4 9. Bxe7 Qxe7 10. Qc2 Nd7 11. Bd3 f5 12. 0-0-0 b5 13. Kb1 a5 14. Rc1 Bb7 15. Qe2 a4 16. Rhe1 b4 17. Nd1 c5 18. dxc5 Ndxc5 19. Bb5 Rac8 20. Nd4 Qe5 21. f3 Nd6 22. Nf2 a3 23. b3 Nxb5 24. Qxb5 Ba6 25. Qxb4 Nd3 26. Nxd3 Bxd3+ 27. Ka1 Rxc1+ 28. Rxc1 Qxe3 29. Qc3 Qf2 30. Nc2 Ba6 31. Nxa3 Rc8 32. Qb2 Rxc1+ 33. Qxc1 Qxg2 34. Qe3 Qf1+ 35. Nb1 Kf7 36. Kb2 Bc8 37. Nc3 Be6 38. a4 g5 39. Qa7+ Kg6 40. a5 Qd3 1/2-1/2

[Event "Regionalliga NW 0405"]
[Site "Bayern"]
[Date "2004.11.28"]
[Round "3.7"]
[White "Kuegel, Konrad"]
[Black "Murmann, Andreas"]
[Result "1-0"]
[WhiteElo "2009"]
[BlackElo "2004"]
[PlyCount "67"]
[EventDate "2004.10.24"]
[EventType "team-tourn"]
[EventRounds "9"]
[EventCountry "GER"]
[SourceTitle "EXT 2007"]
[Source "ChessBase"]
[SourceDate "2006.11.23"]
[SourceVersion "1"]
[SourceVersionDate "2006.11.23"]
[SourceQuality "1"]
[WhiteTeam "Schweinfurt"]
[BlackTeam "Kronach"]
[WhiteTeamCountry "GER"]
[BlackTeamCountry "GER"]

1. d4 Nf6 2. Nf3 e6 3. g3 b6 4. Bg2 Bb7 5. 0-0 Be7 6. c4 0-0 7. Nc3 Ne4 8. Qc2 Nxc3 9. bxc3 f5 10. d5 Bf6 11. Ba3 Re8 12. Rad1 Qc8 13. Rfe1 g6 14. e4 fxe4 15. Rxe4 e5 16. Bh3 Qd8 17. Rde1 d6 18. Nd4 Bc8 19. Be6+ Kh8 20. Bxc8 Qxc8 21. Ne6 Nd7 22. f4 Nf8 23. Nxf8 Rxf8 24. fxe5 Bxe5 25. Rxe5 dxe5 26. Bxf8 Qxf8 27. Rxe5 Qf3 28. Qf2 Rf8 29. Qxf3 Rxf3 30. Re7 Rxc3 31. Rxc7 Rc1+ 32. Kg2 Rc2+ 33. Kf3 Rxa2 34. d6 1-0

[Event "Regionalliga NW 0405"]
[Site "Bayern"]
[Date "2004.11.14"]
[Round "2.6"]
[White "Wuttig, Michael"]
[Black "Murmann, Andreas"]
[Result "1-0"]
[WhiteElo "2002"]
[BlackElo "2004"]
[PlyCount "101"]
[EventDate "2004.10.24"]
[EventType "team-tourn"]
[EventRounds "9"]
[EventCountry "GER"]
[SourceTitle "EXT 2007"]
[Source "ChessBase"]
[SourceDate "2006.11.23"]
[SourceVersion "1"]
[SourceVersionDate "2006.11.23"]
[SourceQuality "1"]
[WhiteTeam "Burgsinn"]
[BlackTeam "Kronach"]
[WhiteTeamCountry "GER"]
[BlackTeamCountry "GER"]

1. Nf3 Nf6 2. b3 d5 3. Bb2 e6 4. e3 c5 5. d4 Be7 6. Bd3 0-0 7. 0-0 b6 8. Ne5 Nfd7 9. f4 f5 10. g4 g6 11. Nxd7 Qxd7 12. g5 Ba6 13. Bxa6 Nxa6 14. Na3 Rfd8 15. Qd3 Nc7 16. Qc3 Bf8 17. dxc5 Bg7 18. Qxg7+ Qxg7 19. Bxg7 Kxg7 20. cxb6 axb6 21. Nb1 d4 22. exd4 Rxd4 23. Nc3 b5 24. a4 b4 25. Nb5 Nxb5 26. axb5 Rb8 27. Ra5 Rd2 28. Rf2 Rd5 29. Re2 Rdxb5 30. Rxb5 Rxb5 31. Rxe6 Rc5 32. Re7+ Kg8 33. Rb7 Rxc2 34. Rxb4 Rd2 35. Rc4 Re2 36. b4 Rb2 37. h4 Ra2 38. b5 Rb2 39. Rc5 Rb4 40. Kg2 Rxf4 41. b6 Rb4 42. Rc8+ Kf7 43. Rc7+ Ke6 44. b7 f4 45. Kf3 Kf5 46. Rf7+ Ke6 47. Rxh7 Kf5 48. Rf7+ Ke5 49. Kg4 Rb3 50. h5 Rb1 51. hxg6 1-0

[Event "Regionalliga NW 0304"]
[Site "Bayern"]
[Date "2004.01.18"]
[Round "5.3"]
[White "Murmann, Andreas"]
[Black "Sternheimer, Erhard"]
[Result "0-1"]
[WhiteElo "2059"]
[BlackElo "2103"]
[PlyCount "36"]
[EventDate "2003.10.12"]
[EventType "team-tourn"]
[EventRounds "9"]
[EventCountry "GER"]
[SourceTitle "EXT 2006"]
[Source "ChessBase"]
[SourceDate "2005.11.24"]
[SourceVersion "1"]
[SourceVersionDate "2005.11.24"]
[SourceQuality "1"]
[WhiteTeam "Kronach"]
[BlackTeam "Koenigshofen"]
[WhiteTeamCountry "GER"]
[BlackTeamCountry "GER"]

1. d4 d5 2. c4 dxc4 3. e3 Nf6 4. Bxc4 e6 5. Nf3 a6 6. a4 c5 7. 0-0 Nc6 8. Nc3 cxd4 9. exd4 Be7 10. Bg5 0-0 11. Qd2 Na5 12. Ba2 b5 13. axb5 axb5 14. Rfe1 b4 15. Ne4 Nxe4 16. Rxe4 Nb3 17. Bxb3 Rxa1+ 18. Bd1 Bxg5 0-1

[Event "Regionalliga NW 0203"]
[Site "Bayern"]
[Date "2003.03.30"]
[Round "9.2"]
[White "Zakurdjaeva, Irina"]
[Black "Murmann, Andreas"]
[Result "1-0"]
[WhiteElo "2267"]
[BlackElo "2092"]
[PlyCount "75"]
[EventDate "2002.10.20"]
[EventType "team-tourn"]
[EventRounds "9"]
[EventCountry "GER"]
[SourceTitle "EXT 2004"]
[Source "ChessBase"]
[SourceDate "2003.11.25"]
[SourceVersion "1"]
[SourceVersionDate "2003.11.25"]
[SourceQuality "1"]
[WhiteTeam "Koenigshofen"]
[BlackTeam "Kronach"]
[WhiteTeamCountry "GER"]
[BlackTeamCountry "GER"]

1. e4 e6 2. d4 d5 3. e5 c5 4. c3 Nc6 5. Nf3 Qb6 6. a3 c4 7. Nbd2 f6 8. exf6 Nxf6 9. g3 Bd6 10. Bg2 0-0 11. 0-0 Bd7 12. Qe2 Qc7 13. Re1 Rae8 14. Ne5 Bc8 15. Ndf3 Na5 16. Ng5 Nb3 17. Rb1 b5 18. h4 a5 19. Bf4 b4 20. a4 bxc3 21. bxc3 h6 22. Nh3 Nd7 23. Ng6 Rf5 24. Bxd6 Qxd6 25. Nhf4 Nb6 26. Qc2 Rf7 27. Ne5 Rf6 28. Nh5 Rf5 29. g4 Rxh5 30. gxh5 Nxa4 31. Qg6 Rf8 32. Re3 Bd7 33. Rg3 Qe7 34. Ng4 Be8 35. Qc2 Kh8 36. Re1 Qxh4 37. Rxe6 Bd7 38. Ne5 1-0

[Event "Regionalliga NW 0203"]
[Site "Bayern"]
[Date "2003.03.09"]
[Round "8.2"]
[White "Murmann, Andreas"]
[Black "Poppe, Heiko"]
[Result "0-1"]
[WhiteElo "2092"]
[BlackElo "2118"]
[PlyCount "86"]
[EventDate "2002.10.20"]
[EventType "team-tourn"]
[EventRounds "9"]
[EventCountry "GER"]
[SourceTitle "EXT 2004"]
[Source "ChessBase"]
[SourceDate "2003.11.25"]
[SourceVersion "1"]
[SourceVersionDate "2003.11.25"]
[SourceQuality "1"]
[WhiteTeam "Kronach"]
[BlackTeam "Wuerzburg II"]
[WhiteTeamCountry "GER"]
[BlackTeamCountry "GER"]

1. d4 e6 2. c4 f5 3. Nc3 Nf6 4. g3 d5 5. Bg2 c6 6. Nf3 Bd6 7. Bf4 Bxf4 8. gxf4 Nbd7 9. Ne5 0-0 10. c5 Ne4 11. Bxe4 fxe4 12. Nxd7 Bxd7 13. e3 Qh4 14. Qe2 Be8 15. h3 Bh5 16. Qf1 Bf3 17. Rg1 Rf5 18. Rg3 Kf7 19. b4 a6 20. a4 g5 21. Qg1 Rg8 22. b5 Rg6 23. bxc6 bxc6 24. Rb1 gxf4 25. Rb7+ Kf6 26. exf4 Qxf4 27. Ne2 Bxe2 28. Kxe2 Rfg5 29. Rbb3 e5 30. dxe5+ Qxe5 31. Qe1 d4 32. Qa5 d3+ 33. Kd2 Rxg3 34. Qd8+ Kf5 35. fxg3 Qxg3 36. Qf8+ Rf6 37. Qc8+ Kf4 38. Qc7+ Kf3 39. Qxg3+ Kxg3 40. Ke3 Re6 41. Rb6 h5 42. Rxa6 d2 43. Kxd2 Kf2 0-1

[Event "Regionalliga NW 0102"]
[Site "Bayern"]
[Date "2002.02.03"]
[Round "5.4"]
[White "Murmann, Andreas"]
[Black "Voelker, Sebastian"]
[Result "1-0"]
[WhiteElo "2070"]
[BlackElo "2085"]
[PlyCount "69"]
[EventDate "2001.10.07"]
[EventType "team-tourn"]
[EventRounds "9"]
[EventCountry "GER"]
[SourceTitle "EXT 2003"]
[Source "ChessBase"]
[SourceDate "2002.11.25"]
[SourceVersion "1"]
[SourceVersionDate "2002.11.25"]
[SourceQuality "1"]
[WhiteTeam "Kronach"]
[BlackTeam "Bindlach II"]
[WhiteTeamCountry "GER"]
[BlackTeamCountry "GER"]

1. d4 Nf6 2. c4 e6 3. Nc3 Bb4 4. f3 d5 5. e3 0-0 6. a3 Bxc3+ 7. bxc3 b6 8. cxd5 exd5 9. Bd3 Re8 10. Ne2 Ba6 11. 0-0 Bxd3 12. Qxd3 Nc6 13. Ng3 Na5 14. Ra2 Nb3 15. Re2 c5 16. Bb2 c4 17. Qd1 Qd7 18. e4 dxe4 19. fxe4 Qg4 20. e5 Nd5 21. Rf3 Rad8 22. Re4 Qe6 23. Nf5 Rd7 24. h4 b5 25. h5 Ne7 26. Nxg7 Kxg7 27. Rf6 Qd5 28. Qf3 Ng8 29. h6+ Nxh6 30. Rxh6 Re6 31. Rf6 Kf8 32. Rxe6 Qxe6 33. Rg4 Rd8 34. Qg3 a5 35. Rg8+ 1-0

[Event "Regionalliga NW 0102"]
[Site "Bayern"]
[Date "2001.11.11"]
[Round "2.4"]
[White "Schleupner, Kurt"]
[Black "Murmann, Andreas"]
[Result "0-1"]
[WhiteElo "2055"]
[BlackElo "2070"]
[PlyCount "94"]
[EventDate "2001.10.07"]
[EventType "team-tourn"]
[EventRounds "9"]
[EventCountry "GER"]
[SourceTitle "EXT 2003"]
[Source "ChessBase"]
[SourceDate "2002.11.25"]
[SourceVersion "1"]
[SourceVersionDate "2002.11.25"]
[SourceQuality "1"]
[WhiteTeam "Hof"]
[BlackTeam "Kronach"]
[WhiteTeamCountry "GER"]
[BlackTeamCountry "GER"]

1. e4 e6 2. d4 d5 3. Nc3 dxe4 4. Nxe4 Nd7 5. Nf3 Ngf6 6. Bg5 Be7 7. Nxf6+ Bxf6 8. Bxf6 Qxf6 9. Bd3 c5 10. c3 cxd4 11. Nxd4 0-0 12. 0-0 e5 13. Nb3 Qg5 14. Re1 Nf6 15. Qc1 Qh4 16. Qe3 Re8 17. Qg3 Qxg3 18. hxg3 e4 19. Bc2 Bf5 20. Nd4 Bg6 21. Bd1 a6 22. a4 Rac8 23. Be2 Nd5 24. Red1 Re5 25. Re1 f5 26. f4 exf3 27. Bxf3 Rce8 28. Bxd5+ Rxd5 29. Rxe8+ Bxe8 30. Kf2 Kf7 31. a5 Bd7 32. b4 Kf6 33. Rd1 Bb5 34. Rd2 Bc4 35. Rd1 g5 36. Rh1 Rd7 37. Rh6+ Ke5 38. Ke3 f4+ 39. gxf4+ gxf4+ 40. Kd2 Rg7 41. Rh2 Bf1 42. Nf3+ Ke4 43. Ne1 Rd7+ 44. Kc2 Ke3 45. Nf3 Bxg2 46. Ne1 Be4+ 47. Kc1 f3 0-1

[Event "Landesliga Nord 9899"]
[Site "Bayern"]
[Date "1999.02.07"]
[Round "5.7"]
[White "Murmann, Andreas"]
[Black "Hirn, Erwin"]
[Result "1/2-1/2"]
[WhiteElo "1980"]
[BlackElo "1990"]
[PlyCount "80"]
[EventDate "1998.10.11"]
[EventType "team-tourn"]
[EventRounds "9"]
[EventCountry "GER"]
[SourceTitle "EXT 2020"]
[Source "ChessBase"]
[SourceDate "2019.10.17"]
[SourceVersion "1"]
[SourceVersionDate "2019.10.17"]
[SourceQuality "1"]
[WhiteTeam "Kronach"]
[BlackTeam "Nuernberg Sued SW"]
[WhiteTeamCountry "GER"]
[BlackTeamCountry "GER"]

1. d4 Nf6 2. Bg5 d5 3. c4 e6 4. Nc3 Be7 5. e3 0-0 6. cxd5 exd5 7. Bd3 c6 8. Qc2 a5 9. Bxf6 Bxf6 10. Bxh7+ Kh8 11. Bd3 Na6 12. a3 g6 13. Nge2 Kg7 14. Nf4 Qe8 15. 0-0 Rh8 16. g3 g5 17. Ng2 Bh3 18. Bf5 Qe7 19. Rae1 Rh6 20. f4 Rah8 21. fxg5 Bxg5 22. Bxh3 Rxh3 23. Nf4 Rxh2 24. Qxh2 Rxh2 25. Kxh2 Nc7 26. Kg2 b5 27. Re2 b4 28. axb4 axb4 29. Na4 Qe4+ 30. Kf2 Bxf4 31. gxf4 Ne6 32. Ke1 Qb1+ 33. Kf2 Qa2 34. Nc5 Nxc5 35. dxc5 Qc4 36. Rg1+ Kf6 37. Rg5 Qxc5 38. Kf3 Qc1 39. Rh2 Qd1+ 40. Re2 Qf1+ 1/2-1/2

[Event "Regionalliga NW 9596"]
[Site "Bayern"]
[Date "1996.??.??"]
[Round "?"]
[White "Murmann, Andreas"]
[Black "Elzinger, Wilfried"]
[Result "1/2-1/2"]
[WhiteElo "1865"]
[BlackElo "1940"]
[PlyCount "23"]
[EventDate "1995.10.??"]
[EventType "team-tourn"]
[EventRounds "9"]
[EventCountry "GER"]
[SourceTitle "EXT 1999"]
[Source "ChessBase"]
[SourceDate "1998.11.16"]
[SourceVersion "1"]
[SourceVersionDate "1998.11.16"]
[SourceQuality "1"]
[WhiteTeam "Kronach"]
[BlackTeam "Coburg"]
[WhiteTeamCountry "GER"]
[BlackTeamCountry "GER"]

1. d4 e6 2. c4 b6 3. Nc3 Bb7 4. e4 d6 5. Bd3 g6 6. f3 Qh4+ 7. g3 Qe7 8. Be3 Bg7 9. Qd2 Nc6 10. Nge2 Nb4 11. Bb1 c5 12. d5 1/2-1/2